000 00948nam a22002897a 4500
003 OSt
005 20260601193859.0
008 260505b2006 mx ||||| |||| 00| 0 spa d
020 _a9687871369
040 _aICI
_bspa
_cICI
041 _aspa
050 _aML420.C2546
_bG87 2006
245 0 _aGuty Cárdenas :
_bcancionero /
_ccoordinación Alvaro Vega ; edición Enrique Martin
246 3 _aCancionero
250 _aPrimera edición
300 _a226 páginas
_bilustraciones +
_e1 disco óptico (CD-ROM)
490 0 _aSerie cancioneros ;
_v2
600 1 _aCárdenas, Guty,
_d1905-1932
_933472
650 4 _aMúsica popular
_xHistoria
_zYucatán
_933473
650 4 _aCanciones en español
_zYucatán
_933474
650 4 _aCanciones con piano
_933475
650 4 _aMúsicos
_925963
700 1 _aVega, Alvaro,
_eeditor
_933476
700 1 _aMartin, Enrique,
_eeditor
_933477
942 _2lcc
_cB
_n1
999 _c22153
_d22153